000 00349pam a2200145 a 4500
020 _c
041 _aeng
082 _bGER
100 _aGerald Medonnell .
245 _aAntisepsis Fisinfection And sterization
_hTextual Documents
250 _a2007.
260 _a[s.l]:
_bAmerican Socity For Microbiology
300 _a361 pg .
930 _a8882
999 _c85788
_d85788